Economic development / (Record no. 3817)
[ view plain ]
| 000 -LEADER | |
|---|---|
| fixed length control field | 00947pam a2200301 a 4500 |
| 001 - CONTROL NUMBER | |
| control field | 3817 |
| 003 - CONTROL NUMBER IDENTIFIER | |
| rucl marc code | BD-RjUL |
| 005 - DATE AND TIME OF LATEST TRANSACTION | |
| control field | 20211208233804.0 |
| 008 - FIXED-LENGTH DATA ELEMENTS--GENERAL INFORMATION | |
| fixed length control field | 131221s1983 nyua b 001 0 eng |
| 020 ## - INTERNATIONAL STANDARD BOOK NUMBER | |
| International Standard Book Number | 0070345848 |
| 035 ## - SYSTEM CONTROL NUMBER | |
| System control number | (BD-RjUL)3851 |
| 040 ## - CATALOGING SOURCE | |
| Original cataloging agency | DLC |
| Transcribing agency | DLC |
| Modifying agency | DLC |
| -- | BD-RjUL |
| Language of cataloging | eng |
| 041 ## - LANGUAGE CODE | |
| Language code of text/sound track or separate title | eng |
| 082 00 - DEWEY DECIMAL CLASSIFICATION NUMBER | |
| Classification number | 338.9 |
| Edition number | 19 |
| Author mark and year | HEE |
| 100 1# - MAIN ENTRY--PERSONAL NAME | |
| Personal name | Herrick, Bruce H. |
| 9 (RLIN) | 12149 |
| 245 10 - TITLE STATEMENT | |
| Title | Economic development / |
| Statement of responsibility, etc. | Bruce Herrick, Charles P. Kindleberger. |
| 250 ## - EDITION STATEMENT | |
| Edition statement | 4th ed. ,International Student ed. |
| 260 ## - PUBLICATION, DISTRIBUTION, ETC. (IMPRINT) | |
| Place of publication, distribution, etc. | Singapore : |
| Name of publisher, distributor, etc. | McGraw-Hill, |
| Date of publication, distribution, etc. | c1983 [printing 1984]. |
| 300 ## - PHYSICAL DESCRIPTION | |
| Pagination | xvi, 542 p. : |
| Illustrations | ill. ; |
| Size | 25 cm. |
| 490 1# - SERIES STATEMENT | |
| Series statement | Economics handbook series |
| 500 ## - GENERAL NOTE | |
| General note | Includes indexes. |
| 504 ## - BIBLIOGRAPHY, ETC. NOTE | |
| Bibliography, etc | Bibliography: p. 523-528. |
| 650 #0 - SUBJECT ADDED ENTRY--TOPICAL TERM | |
| Topical term or geographic name as entry element | Economic development. |
| 9 (RLIN) | 12150 |
| 700 1# - ADDED ENTRY--PERSONAL NAME | |
| Personal name | Kindleberger, Charles Poor, Jt. auth. |
| Dates associated with a name | 1910- |
| 830 #0 - SERIES ADDED ENTRY--UNIFORM TITLE | |
| Uniform title | Economics handbook series |
| 942 ## - ADDED ENTRY ELEMENTS (KOHA) | |
| Source of classification or shelving scheme | Dewey Decimal Classification |
| Koha item type | Books |
| Lost status | Source of classification or shelving scheme | Damaged status | Not for loan | Collection code | Permanent Location | Current Location | Shelving location | Date acquired | Source of acquisition | Cost, normal purchase price | Total Checkouts | Full call number | Date last seen | Copy number | Koha item type |
|---|---|---|---|---|---|---|---|---|---|---|---|---|---|---|---|
| Dewey Decimal Classification | Non-fiction | Central Library, University of Rajshahi | Central Library, University of Rajshahi | 29/04/1986 | Talppaf Co. | 6.95 | 338.9 HEE 1984 | 21/12/2013 | C-10 | Books | |||||
| Dewey Decimal Classification | Non-fiction | Central Library, University of Rajshahi | Central Library, University of Rajshahi | 29/04/1986 | Talppaf Co. | 6.95 | 338.9 HEE 1984 | 23/07/2016 | C-2 | Books | |||||
| Dewey Decimal Classification | Non-fiction | Central Library, University of Rajshahi | Central Library, University of Rajshahi | 29/04/1986 | Talppaf Co. | 6.95 | 338.9 HEE 1984 | 23/07/2016 | C-3 | Books | |||||
| Dewey Decimal Classification | Non-fiction | Central Library, University of Rajshahi | Central Library, University of Rajshahi | 03/09/1986 | Tappar Co. | 36.50 | 338.9 HEE 1984 | 23/07/2016 | C-4 | Books | |||||
| Dewey Decimal Classification | Non-fiction | Central Library, University of Rajshahi | Central Library, University of Rajshahi | 23/11/1985 | Tappar & Co. | 6.95 | 338.9 HEE 1984 | 23/07/2016 | C-5 | Books | |||||
| Dewey Decimal Classification | Non-fiction | Central Library, University of Rajshahi | Central Library, University of Rajshahi | 29/04/1986 | Talppar Co. | 6.95 | 338.9 HEE 1984 | 23/07/2016 | C-6 | Books | |||||
| Dewey Decimal Classification | Non-fiction | Central Library, University of Rajshahi | Central Library, University of Rajshahi | 29/04/1986 | Toppa Co. | 6.95 | 338.9 HEE 1984 | 22/08/2016 | C-8 | Books | |||||
| Dewey Decimal Classification | Non-fiction | Central Library, University of Rajshahi | Central Library, University of Rajshahi | 23/11/1985 | Toppan & co. | 6.95 | 338.9 HEE 1984 | 05/09/2016 | C-7 | Books |